000 00659nam a2200205Ia 4500
005 20241216011356.0
008 190429s9999||||xx |||||||||||||| ||und||
082 _a371
_bA78
100 _aARTEAGA TRILLO ORLANDO ISAIS
245 0 _aIMPORTANCIA DE LA ESCUELA PRODUCTIVA EN EL DESARROLLO DE LA ENSEÑANZA APRENDIZAJE EN EL C.E.U. N 34317 DE CAJONARI PTO BERMUDEZ
250 _a0
260 _aCERRO DE PASCO-PERU
_bUNDAC
_c1997
300 _a145 pag.
_c30 cm.
341 _h0
490 _v0
_a0
505 _aENSEÑANZA APRENDIZAJE-ESCUELA PRODUCTIVA
541 _aD
_bARTEAGA TRILLO ORLANDO
_d13-Nov-98
_oSoles
650 _aEducación
942 _cTESIS
999 _c40164
_d40164